Polityka społeczna : (Rekord nr 34713)
| 000 -ETYKIETA REKORDU | |
|---|---|
| podpole kontrolne o stałej długości | 00649nam a2200229 i 4500 |
| 001 - NUMER KONTROLNY REKORDU | |
| pole kontrolne | bg |
| 020 ## - MIĘDZYNARODOWY ZNORMALIZOWANY NUMER KSIĄŻKI - ISBN | |
| ISBN | 8371641303 |
| 040 ## - ŹRÓDŁO KATALOGOWANIA | |
| Instytucja, która utworzyła rekord | BPK |
| 041 0# - KOD JĘZYKA | |
| Kod języka tekstu | pl |
| 080 ## - UNIWERSALNA KLASYFIKACJA DZIESIĘTNA - UKD | |
| UKD | 304(438) |
| 080 ## - UNIWERSALNA KLASYFIKACJA DZIESIĘTNA - UKD | |
| UKD | (075.8) |
| 920 ## - Międzynarodowy znormalizowany numer książki – ISBN | |
| ISBN | 83-7164-130-3 |
| 008 - POLE O STAŁEJ DŁUGOŚCI - DANE KONTROLNE | |
| podpole kontrolne o stałej długości | s pl f |000 0 pol |
| 100 1# - NAZWA OSOBOWA | |
| Nazwa osobowa | FRĄCKIEWICZ, Lucyna |
| Daty związane z nazwą | (1926- ). |
| 245 10 - TYTUŁ/ODPOWIEDZIALNOŚĆ | |
| Tytuł | Polityka społeczna : |
| Ciąg dalszy tytułu | zarys wykładu / |
| Pozostałe elementy strefy tytułu i oznaczenia odpowiedzialności | Lucyna Frąckiewicz. |
| 260 ## - STREFA ADRESU WYDAWNICZEGO | |
| Miejsce wydania | Katowice : |
| Nazwa wydawcy/dystrybutora | "Śląsk", |
| Data publikacji, dystrybucji/powstania dokumentu | 1998. |
| 300 ## - STREFA OPISU FIZYCZNEGO | |
| Objętość | 268, [1] s. : |
| Inne cechy fizyczne | mapy, wykr. ; |
| Rozmiary | 21 cm. |
| 504 ## - UWAGA DOTYCZĄCA BIBLIOGRAFII | |
| Informacje o bibliografii | Bibliogr. s. 267-[269]. |
| 650 #4 - HASŁO PRZEDMIOTOWE W FORMIE NAZWY OGÓLNEJ LUB JEDNOSTKOWEJ | |
| Nazwa ogólna lub geograficzna | Polityka społeczna |
| Określnik geograficzny | Polska |
| Określnik chronologiczny | od 1989 r. |
| 650 #4 - HASŁO PRZEDMIOTOWE W FORMIE NAZWY OGÓLNEJ LUB JEDNOSTKOWEJ | |
| Nazwa ogólna lub geograficzna | Podręczniki akademickie |
| 856 ## - LOKALIZACJA I DOSTĘP DO ELEKTRONICZNYCH DOKUMENTÓW ZDALNYCH | |
| Link (URL) | http://koha.tu.koszalin.pl/cgi-bin/koha/opac-detail.pl?biblionumber=34713 |
| Tekst linku | Katalog online BPK |
| 942 ## - DODATKOWE ELEMENTY (KOHA) | |
| Typ dokumentu | Książka |
| Wycofany | Status egzemplarza | Uszkodzony | Dostępność | Lokalizacja stała | Lokalizacja bieżąca | Miejsce przechowywania | Sygnatura | Kod kreskowy | Dział | Typ dokumentu | Numer ubytku |
|---|---|---|---|---|---|---|---|---|---|---|---|
| Tylko na miejscu | Biblioteka Politechniki Koszalińskiej | Biblioteka Politechniki Koszalińskiej | Czytelnia BG | 48344 | 01419825 | 304 Polityka społeczna | Książka | ||||
| Egz. niedostępny | Niedostępny | Biblioteka Politechniki Koszalińskiej | Biblioteka Politechniki Koszalińskiej | 48345 | 02114507 | Książka | 13865 | ||||
| Tylko na miejscu | Biblioteka Politechniki Koszalińskiej | Biblioteka Politechniki Koszalińskiej | Czytelnia Wydziałowa ul. Kwiatkowskiego 6e | 48346 | 01419801 | 304 Polityka społeczna | Książka | ||||
| Tylko na miejscu | Biblioteka Politechniki Koszalińskiej | Biblioteka Politechniki Koszalińskiej | Czytelnia Wydziałowa ul. Kwiatkowskiego 6e | 48347 | 01419795 | 304 Polityka społeczna | Książka | ||||
| Dostępny | Biblioteka Politechniki Koszalińskiej | Biblioteka Politechniki Koszalińskiej | Wypożyczalnia BG | 48349 | 01419771 | Książka | |||||
| Dostępny | Biblioteka Politechniki Koszalińskiej | Biblioteka Politechniki Koszalińskiej | Wypożyczalnia BG | 48350 | 01419764 | Książka | |||||
| Dostępny | Biblioteka Politechniki Koszalińskiej | Biblioteka Politechniki Koszalińskiej | Wypożyczalnia BG | 48351 | 01419757 | Książka | |||||
| Dostępny | Biblioteka Politechniki Koszalińskiej | Biblioteka Politechniki Koszalińskiej | Wypożyczalnia BG | 48352 | 01419740 | Książka | |||||
| Dostępny | Biblioteka Politechniki Koszalińskiej | Biblioteka Politechniki Koszalińskiej | Wypożyczalnia BG | 48353 | 01419733 | Książka |
